Daty urodzin członków EKIPY Friza. - Statystyki

Ogólne statystyki
  • Ten quiz został rozwiązany 1 062 razy
  • Średni wynik to 7 z 11
Statystyki odpowiedzi
Hint Odpowiedź % Poprawnych
14 kwietnia 1996 Tromba
81%
13 lutego 1996 Friz
80%
8 czerwca 1985 Wujek Łuki
75%
31 sierpnia 1996 Wersow
72%
7 marca 2000 Mixer
66%
23 grudnia 1996 Marcysia
64%
16 grudnia 1995 Mini Majk
64%
10 czerwca 1998 Kasia
57%
11 listopada 1998 Marta
57%
30 września 1997 Patec
56%
31 lipca 1994 Krzychu
55%
Nie znaleziono quizów pasujących do podanych kryteriów
Rozkład punktacji
Procent ludzi z każdym wynikiem
Percentyl według liczby udzielonych odpowiedzi
Twoja historia wyników
Nie rozwiązałeś tego quizu